000 00642nam a2200229Ia 4500
003 OSt
005 20221006164301.0
006 a|||||r|||| 00| 0
007 ta
008 221006b |||||||| |||| 00| 0 hin d
024 _a5,552
037 _cTextual
040 _aFML
_cFML
_bhin
041 _2hin
_ahin
082 _aO15,2:gxD98, 1, K2
100 _aVyas Bholashankar Cm.
_9411467
245 0 _aShri Dhananjaya Virachit Dashrupakam
260 _aVaranasi
_bChaukhambha India
_c1962
300 _a54, 296
_ccm.
942 _hO15,2:gxD98, 1, K2
_cTEXL
_2CC
999 _c1116731
_d1116731